[Event "SR Extraliga 2016/2017"]
[Site "?"]
[Date "2016.10.22"]
[Round "1.6"]
[White "Jacko, Vladimir"]
[Black "Briestensky, Rastislav"]
[Result "1-0"]
[WhiteElo "2302"]
[BlackElo "2339"]
[PlyCount "135"]
[EventDate "2016.??.??"]

1. e4 e5 2. Nf3 Nc6 3. Bc4 d6 4. c3 Be7 5. Qb3 Nh6 6. d4 O-O 7. Bxh6 gxh6 8.
Bd3 Bf6 9. dxe5 dxe5 10. Qc2 Ne7 11. Nbd2 Ng6 12. g3 c6 13. Nc4 b5 14. Ne3 a6
15. Rd1 Qc7 16. O-O Ne7 17. Rd2 Be6 18. Rfd1 Rad8 19. c4 Qa5 20. b3 Rd7 21. Nf5
Bxf5 22. exf5 Rfd8 23. Be4 Rxd2 24. Rxd2 Rxd2 25. Nxd2 Qd8 26. Kg2 Qd6 27. Bf3
Kg7 28. Ne4 Qd4 29. Nd2 Qd7 30. Be4 Kf8 31. Nf1 Bg5 32. h4 Bf6 33. Ne3 Qd4 34.
Ng4 Kg7 35. Qe2 h5 36. Nh2 h6 37. Nf1 bxc4 38. bxc4 c5 39. Nh2 a5 40. a4 Nc8
41. Nf3 Qc3 42. Qc2 Qb4 43. Nd2 Nd6 44. Qd3 Be7 45. Qd5 Qc3 46. Bf3 Qd4 47.
Qxd4 cxd4 48. c5 Nxf5 49. c6 Bd6 50. Ne4 Bc7 51. Nc5 Nd6 52. Bxh5 Kf6 53. Kf3
Ke7 54. Ke2 Bb6 55. Nd7 Nc4 56. Kd3 Nb2+ 57. Ke4 Bc7 58. Nxe5 Bxe5 59. Kxe5 d3
60. Bg4 Nxa4 61. c7 Nb6 62. c8=Q Nxc8 63. Bxc8 a4 64. Kd4 d2 65. Bg4 a3 66. Kc3
f5 67. Bd1 Kd6 68. Kb3 1-0

[Event "SR Extraliga 2016/2017"]
[Site "?"]
[Date "2016.10.22"]
[Round "1.7"]
[White "Petran, Peter"]
[Black "Holtman, Teodor"]
[Result "0-1"]
[WhiteElo "2306"]
[BlackElo "2201"]
[PlyCount "42"]
[EventDate "2016.??.??"]

1. g3 c5 2. Bg2 Nc6 3. e4 g6 4. Ne2 Bg7 5. O-O d6 6. c3 e5 7. d3 Nge7 8. Be3
O-O 9. d4 exd4 10. cxd4 Qb6 11. Nbc3 cxd4 12. Na4 Qa5 13. Nxd4 Ne5 14. Ne2 N7c6
15. Bd2 Qa6 16. b3 Bg4 17. f3 Nxf3+ 18. Rxf3 Bxa1 19. Qxa1 Bxf3 20. Bxf3 Ne5
21. Nd4 Qd3 0-1

[Event "SR Extraliga 2016/2017"]
[Site "?"]
[Date "2016.10.22"]
[Round "1.8"]
[White "Szucs, Vladimir"]
[Black "Havlicek, Libor"]
[Result "1/2-1/2"]
[WhiteElo "2177"]
[BlackElo "2289"]
[PlyCount "107"]
[EventDate "2016.??.??"]

1. d4 Nf6 2. Nf3 e6 3. c4 c5 4. g3 cxd4 5. Nxd4 Bb4+ 6. Bd2 Qb6 7. e3 O-O 8.
Bg2 Nc6 9. O-O d5 10. cxd5 Nxd5 11. Nxc6 bxc6 12. e4 Bxd2 13. Qxd2 Nf6 14. Nc3
Rb8 15. b3 Rd8 16. Qc2 Ba6 17. Rfd1 Qc5 18. Rac1 h5 19. h4 Ng4 20. Rd2 Qe5 21.
Rcd1 Rxd2 22. Qxd2 Qf6 23. Qd4 Qxd4 24. Rxd4 Kf8 25. Ra4 Rb6 26. Ra5 c5 27.
Rxc5 Rd6 28. Bf1 Bxf1 29. Kxf1 Rd2 30. Rc8+ Ke7 31. Rc7+ Ke8 32. Rxa7 Rxf2+ 33.
Ke1 Rc2 34. Nb5 Ne5 35. Kd1 Rg2 36. a4 Rxg3 37. Kc2 g5 38. hxg5 h4 39. Ra8+ Ke7
40. Rh8 h3 41. a5 Nc6 42. Nc3 Nxa5 43. b4 Nc4 44. b5 Kd6 45. Kb3 Ne5 46. Kb4
Ng4 47. b6 Kc6 48. Na4 Kb7 49. Ka5 Ra3 50. Kb5 Rb3+ 51. Kc4 Ra3 52. Kb5 Rb3+
53. Kc4 Ra3 54. Kb5 1/2-1/2

[Event "SR Extraliga 2016/2017"]
[Site "?"]
[Date "2016.10.22"]
[Round "1.1"]
[White "Vajda, Levente"]
[Black "Svoboda, Svatopluk"]
[Result "1-0"]
[WhiteElo "2596"]
[BlackElo "2441"]
[PlyCount "69"]
[EventDate "2016.??.??"]

1. e4 c5 2. c3 Nf6 3. e5 Nd5 4. d4 cxd4 5. Nf3 e6 6. cxd4 d6 7. Bc4 Nb6 8. Bd3
Nc6 9. O-O Nb4 10. Be2 dxe5 11. Nxe5 Be7 12. Nc3 O-O 13. Bf3 N4d5 14. Re1 Qd6
15. Ne4 Qb4 16. a3 Qa5 17. b3 Bb4 18. Rf1 Bc3 19. Ra2 Nd7 20. Nc4 Qa6 21. Rc2
Ba5 22. Be2 Bc7 23. Bd3 b5 24. Ne3 Qb7 25. Nxd5 exd5 26. Qf3 a6 27. Bg5 Ra7 28.
Ng3 Nb6 29. Bf6 Bd8 30. Be5 Nd7 31. Bxg7 Kxg7 32. Nh5+ Kh6 33. Qg4 Bg5 34. f4
Bf6 35. Nxf6 1-0

[Event "SR Extraliga 2016/2017"]
[Site "?"]
[Date "2016.10.22"]
[Round "1.2"]
[White "Bednar, Milan"]
[Black "Petenyi, Tamas"]
[Result "0-1"]
[WhiteElo "2240"]
[BlackElo "2437"]
[PlyCount "70"]
[EventDate "2016.??.??"]

1. c4 g6 2. Nc3 Bg7 3. g3 d6 4. Bg2 Nc6 5. Nf3 e5 6. O-O f5 7. d3 Nge7 8. Rb1
O-O 9. Bd2 Nd4 10. e3 Nxf3+ 11. Qxf3 Kh8 12. Qe2 c6 13. b4 Be6 14. b5 Qd7 15.
bxc6 bxc6 16. Rb3 Rab8 17. Rfb1 Rxb3 18. Rxb3 h6 19. Qf1 d5 20. cxd5 Nxd5 21.
Nxd5 Bxd5 22. Bxd5 Qxd5 23. Qb1 Rd8 24. Be1 Kh7 25. Qc2 f4 26. e4 Qd7 27. f3 h5
28. Kg2 g5 29. Rc3 g4 30. gxf4 gxf3+ 31. Kh1 exf4 32. d4 Bxd4 33. Rxf3 Rg8 34.
Rf1 Qg4 35. e5+ Kh8 0-1

[Event "SR Extraliga 2016/2017"]
[Site "?"]
[Date "2016.10.22"]
[Round "1.3"]
[White "Czebe, Attila"]
[Black "Istona, Martin"]
[Result "1-0"]
[WhiteElo "2473"]
[BlackElo "2196"]
[PlyCount "65"]
[EventDate "2016.??.??"]

1. Nf3 c5 2. e3 Nf6 3. d4 cxd4 4. exd4 g6 5. Bd3 Bg7 6. O-O O-O 7. Re1 b6 8. c4
d5 9. Nc3 Nc6 10. Qa4 Bb7 11. cxd5 Nxd5 12. Nxd5 Qxd5 13. Be4 Qd6 14. Bg5 Bf6
15. Bh6 Rfd8 16. Ne5 Na5 17. Bxb7 Nxb7 18. Nc6 Rd7 19. Rac1 Qd5 20. Bf4 Nd6 21.
Be5 Kg7 22. h3 Qb5 23. Qa3 Nc4 24. Qf3 Bxe5 25. dxe5 Rf8 26. b3 Nd2 27. Qf4 Kg8
28. Red1 Qd3 29. Rxd2 Qxd2 30. Nxe7+ Kg7 31. Qf6+ Kh6 32. Nf5+ Kh5 33. g4# 1-0

[Event "SR Extraliga 2016/2017"]
[Site "?"]
[Date "2016.10.22"]
[Round "1.4"]
[White "Dujava, Daniel ml"]
[Black "Bokros, Albert"]
[Result "0-1"]
[WhiteElo "2120"]
[BlackElo "2488"]
[PlyCount "60"]
[EventDate "2016.??.??"]

1. e4 c5 2. Nf3 e6 3. d4 cxd4 4. Nxd4 Nf6 5. Nc3 d6 6. g4 h6 7. h3 a6 8. Bg2
Bd7 9. Be3 Nc6 10. f4 Rc8 11. Qe2 Be7 12. O-O-O Qa5 13. Nb3 Qc7 14. Kb1 b5 15.
a3 b4 16. axb4 Nxb4 17. Bc1 Bc6 18. Rhe1 Nd7 19. e5 dxe5 20. fxe5 O-O 21. Nd4
Bxg2 22. Qxg2 Bg5 23. Bxg5 hxg5 24. Nf3 Qb7 25. Qd2 Qxf3 26. Qxd7 Rxc3 27. bxc3
Qxc3 28. Qa4 Nc6 29. Kc1 Rb8 30. Qe4 Nb4 0-1

[Event "SR Extraliga 2016/2017"]
[Site "?"]
[Date "2016.10.22"]
[Round "1.5"]
[White "Varga, Zoltan"]
[Black "Kravec, Patrik"]
[Result "1-0"]
[WhiteElo "2411"]
[BlackElo "2103"]
[PlyCount "105"]
[EventDate "2016.??.??"]

1. e4 c5 2. Nf3 Nc6 3. Bb5 Nf6 4. e5 Nd5 5. O-O Nc7 6. Bxc6 dxc6 7. h3 g6 8. d3
Bg7 9. Be3 Ne6 10. Re1 O-O 11. Qd2 b6 12. Bh6 Nd4 13. Nxd4 cxd4 14. Re4 f5 15.
Bxg7 Kxg7 16. Rh4 Rf7 17. Qh6+ Kg8 18. Nd2 c5 19. Nf3 Qf8 20. Ng5 Qxh6 21. Rxh6
Rg7 22. f4 Bd7 23. Kf2 Rf8 24. h4 Rc8 25. a4 c4 26. Ke2 cxd3+ 27. Kxd3 Bc6 28.
g3 Be4+ 29. Nxe4 fxe4+ 30. Kxe4 Rxc2 31. Rd1 Rxb2 32. Rxd4 Kf7 33. h5 Rg2 34.
Kf3 Rg1 35. hxg6+ hxg6 36. Kg4 Rg2 37. Rd3 Ra2 38. Rd4 Rg2 39. Rh8 Rg8 40. Rxg8
Kxg8 41. Rd7 Kf7 42. Rxa7 Ra2 43. Kg5 b5 44. a5 b4 45. Ra6 b3 46. Rxg6 Rg2 47.
Kf5 b2 48. Rb6 Rxg3 49. e6+ Kg7 50. Rxb2 Rh3 51. Rg2+ Kh7 52. Ra2 Rh5+ 53. Ke4
1-0

[Event "SR Extraliga 2016/2017"]
[Site "?"]
[Date "2016.10.22"]
[Round "1.6"]
[White "Krajnak, Martin"]
[Black "Nemeth, Miklos"]
[Result "0-1"]
[WhiteElo "2203"]
[BlackElo "2469"]
[PlyCount "92"]
[EventDate "2016.??.??"]

1. Nc3 e5 2. Nf3 Nc6 3. d4 exd4 4. Nxd4 Nf6 5. Bg5 Bc5 6. e3 Nxd4 7. exd4 Be7
8. Bd3 d5 9. O-O O-O 10. Re1 c6 11. Qe2 Be6 12. Nd1 Re8 13. Ne3 h6 14. Bh4 Ne4
15. Bxe7 Qxe7 16. f3 Nd6 17. Qf2 Qf6 18. c3 b6 19. Qg3 Rad8 20. Rad1 Re7 21. a3
Bc8 22. Nf1 Rde8 23. Qf2 Bf5 24. Bxf5 Nxf5 25. Rxe7 Qxe7 26. Rd2 Nd6 27. Rd3
Nc4 28. b3 Nxa3 29. Re3 Qd7 30. Qe2 Rxe3 31. Nxe3 Nb5 32. Qd3 h5 33. Kf2 g6 34.
Nc2 Nc7 35. Qe3 Qd6 36. h4 Ne6 37. g3 c5 38. Qd3 cxd4 39. cxd4 a5 40. Kg2 Qc6
41. Ne3 b5 42. f4 f5 43. Qd2 b4 44. Nc2 Nc7 45. Kf2 Nb5 46. Qe2 Kf7 0-1

[Event "SR Extraliga 2016/2017"]
[Site "?"]
[Date "2016.10.22"]
[Round "1.7"]
[White "Bagi, Mate"]
[Black "Goban, Marek"]
[Result "1-0"]
[WhiteElo "2446"]
[BlackElo "2078"]
[PlyCount "103"]
[EventDate "2016.??.??"]

1. e4 b6 2. d4 Bb7 3. Bd3 e6 4. Nf3 d6 5. O-O Nf6 6. Qe2 Be7 7. Rd1 O-O 8. Nbd2
d5 9. e5 Nfd7 10. Nf1 c5 11. c3 Nc6 12. a3 c4 13. Bc2 b5 14. Ng3 Re8 15. Bf4
Nf8 16. Qd2 a5 17. Nh5 Ng6 18. Bg5 Qc7 19. Nf4 Bf8 20. Nxg6 hxg6 21. Qf4 Ne7
22. Qh4 Nf5 23. Bxf5 exf5 24. Bd8 Qxd8 25. Ng5 Qxg5 26. Qxg5 Be7 27. Qf4 Bc8
28. h4 Be6 29. g3 Reb8 30. Qd2 a4 31. Kg2 Kf8 32. Rh1 Ke8 33. h5 g5 34. h6 g6
35. h7 Kd7 36. h8=B Rxh8 37. Rag1 Rag8 38. Qd1 Bf8 39. f3 Be7 40. Kf2 Bf8 41.
Qc1 Be7 42. Rg2 Rxh1 43. Qxh1 g4 44. fxg4 fxg4 45. Rh2 Bd8 46. Rh8 Rxh8 47.
Qxh8 Ke7 48. Ke2 Bd7 49. Qf6+ Ke8 50. Qd6 Bg5 51. Kd1 Be7 52. Qxd5 1-0

[Event "SR Extraliga 2016/2017"]
[Site "?"]
[Date "2016.10.22"]
[Round "1.8"]
[White "Cuker, Dusan"]
[Black "Varga, David"]
[Result "0-1"]
[WhiteElo "2096"]
[BlackElo "2297"]
[PlyCount "92"]
[EventDate "2016.??.??"]

1. d4 Nf6 2. c4 c6 3. Nc3 d5 4. cxd5 cxd5 5. Bf4 e6 6. Nf3 Be7 7. e3 O-O 8. Bd3
Nc6 9. O-O Nh5 10. Bg3 Nxg3 11. hxg3 Bf6 12. Qe2 g6 13. Rac1 b6 14. a3 Bb7 15.
b4 Rc8 16. Rc2 Bg7 17. Rfc1 Qd6 18. Ba6 Qb8 19. Bxb7 Qxb7 20. Qd3 Ne7 21. Na2
Nf5 22. Rxc8 Rxc8 23. Rxc8+ Qxc8 24. Nd2 Nd6 25. b5 Bf8 26. Nb4 Qc1+ 27. Kh2
Nxb5 28. Qxb5 Qxd2 29. Qe8 Qxf2 30. Nc6 Qf6 31. Nxa7 Qe7 32. Qxe7 Bxe7 33. Nc8
Bxa3 34. Nxb6 Bc1 35. Nc8 Bxe3 36. Ne7+ Kg7 37. Nc6 h5 38. Kh3 f5 39. g4 hxg4+
40. Kg3 Bg1 41. Nd8 Kf6 42. Nc6 g5 43. Nb4 Bxd4 44. Nc2 Bg1 45. Nb4 Kg6 46. Nd3
Kh5 0-1

[Event "SR Extraliga 2016/2017"]
[Site "?"]
[Date "2016.10.22"]
[Round "1.1"]
[White "Balogh, Csaba"]
[Black "Cvek, Robert"]
[Result "1-0"]
[WhiteElo "2621"]
[BlackElo "2525"]
[PlyCount "77"]
[EventDate "2016.??.??"]

1. e4 c5 2. Nf3 e6 3. d4 cxd4 4. Nxd4 Nf6 5. Nc3 Nc6 6. Ndb5 Bc5 7. Bf4 O-O 8.
Bc7 Qe7 9. Bd6 Bxd6 10. Qxd6 Qd8 11. Qd2 d5 12. exd5 exd5 13. O-O-O Be6 14. Be2
Qa5 15. Nd4 Nxd4 16. Qxd4 Rfc8 17. Bd3 b5 18. Kb1 Ne4 19. Nxd5 Bxd5 20. Qxd5
Nxf2 21. Rhf1 Rd8 22. Qf5 Nxd3 23. Qxf7+ Kh8 24. Rxd3 h6 25. Rxd8+ Qxd8 26. Qb7
Qe8 27. a3 a5 28. Rd1 Rb8 29. Qc7 a4 30. g4 Qf8 31. Qd6 Qe8 32. h3 Qg8 33. h4
Rc8 34. g5 Qc4 35. gxh6 Qxc2+ 36. Ka1 Rg8 37. hxg7+ Kh7 38. Qd5 Qe2 39. Qf5+
1-0

[Event "SR Extraliga 2016/2017"]
[Site "?"]
[Date "2016.10.22"]
[Round "1.2"]
[White "Pechac, Jergus"]
[Black "Michalik, Peter"]
[Result "1-0"]
[WhiteElo "2431"]
[BlackElo "2554"]
[PlyCount "109"]
[EventDate "2016.??.??"]

1. d4 d5 2. Nf3 Nf6 3. Bf4 c5 4. e3 Nc6 5. c3 Qb6 6. Qb3 c4 7. Qc2 Bf5 8. Qc1
h6 9. Nbd2 g5 10. Be5 Bg7 11. Be2 e6 12. h3 Nxe5 13. Nxe5 Ne4 14. Nxe4 Bxe4 15.
f3 Bh7 16. f4 Qc7 17. Bh5 Rf8 18. b3 O-O-O 19. O-O gxf4 20. exf4 Be4 21. bxc4
f6 22. Nf3 dxc4 23. Qe3 Qc6 24. Rae1 f5 25. Kh2 Bf6 26. Rg1 Bd5 27. Nd2 Bh4 28.
g3 Bf6 29. Re2 Qa6 30. Bf3 Qxa2 31. Ne4 Qa6 32. Nc5 Qc6 33. Bxd5 exd5 34. Rge1
Rf7 35. Qf3 Bg7 36. Qh5 Rf6 37. Re6 Rxe6 38. Qxf5 Kb8 39. Nxe6 Re8 40. Qf7 Bf8
41. f5 Bd6 42. f6 Rc8 43. Re2 Qa4 44. Nc5 Bxc5 45. dxc5 d4 46. cxd4 c3 47. Qe6
Qxd4 48. Qd6+ Qxd6 49. cxd6 c2 50. d7 Rd8 51. Rxc2 Rxd7 52. g4 Rf7 53. Rf2 Kc7
54. Kg3 Kd6 55. Kh4 1-0

[Event "SR Extraliga 2016/2017"]
[Site "?"]
[Date "2016.10.22"]
[Round "1.3"]
[White "Rigo, Zsolt"]
[Black "Rohacek, Miroslav"]
[Result "1-0"]
[WhiteElo "2384"]
[BlackElo "2317"]
[PlyCount "43"]
[EventDate "2016.??.??"]

1. c4 e5 2. Nc3 f5 3. d4 exd4 4. Qxd4 Nf6 5. Nd5 Nxd5 6. cxd5 Qe7 7. Bd2 c5 8.
Qd3 g6 9. Bc3 Bg7 10. d6 Qf7 11. Qe3+ Kf8 12. Nf3 b6 13. Qe7+ Kg8 14. Ne5 Qf8
15. e3 Ba6 16. Bxa6 Nxa6 17. Qxd7 Re8 18. f4 Nb8 19. Qxa7 Bxe5 20. fxe5 Nc6 21.
Qxb6 Nxe5 22. O-O-O 1-0

[Event "SR Extraliga 2016/2017"]
[Site "?"]
[Date "2016.10.22"]
[Round "1.4"]
[White "Jablonicky, Martin"]
[Black "Maslik, Miroslav"]
[Result "1-0"]
[WhiteElo "2230"]
[BlackElo "2355"]
[PlyCount "37"]
[EventDate "2016.??.??"]

1. d4 Nf6 2. c4 e6 3. Nf3 d5 4. Nc3 Bb4 5. Bg5 Nbd7 6. e3 c5 7. cxd5 exd5 8.
dxc5 Qa5 9. Rc1 Ne4 10. Qxd5 Nxc3 11. bxc3 Bxc3+ 12. Kd1 O-O 13. Nd4 Nxc5 14.
Be7 Qa4+ 15. Rc2 Bg4+ 16. f3 Rfe8 17. Bb5 Qb4 18. Bxe8 Qb1+ 19. Ke2 1-0

[Event "SR Extraliga 2016/2017"]
[Site "?"]
[Date "2016.10.22"]
[Round "1.5"]
[White "Federic, Jozef"]
[Black "Gasa, Andrej"]
[Result "1/2-1/2"]
[WhiteElo "2303"]
[BlackElo "2284"]
[PlyCount "84"]
[EventDate "2016.??.??"]

1. d4 Nf6 2. Nf3 e6 3. Bf4 d5 4. e3 Be7 5. Bd3 c5 6. c3 Nc6 7. Nbd2 Nh5 8. Bg3
Nxg3 9. hxg3 h6 10. g4 Bd7 11. dxc5 Bxc5 12. g5 Qb6 13. Qb3 Qxb3 14. axb3 Ke7
15. gxh6 Rxh6 16. Rxh6 gxh6 17. Ke2 f5 18. Rh1 Rh8 19. Rh5 Kf6 20. b4 Bb6 21.
Nb3 e5 22. Bb5 a6 23. Bxc6 Bxc6 24. g4 Bd7 25. g5+ Kg6 26. Rxh6+ Rxh6 27. gxh6
Bc7 28. Nc5 Bc8 29. Kd2 Kxh6 30. Ke1 Kh5 31. Nd2 b6 32. Nd3 Kg4 33. Nf1 Bd7 34.
Nc1 Bb5 35. Ne2 Bd8 36. Nh2+ Kh3 37. Nf3 Bf6 38. Ng3 Kg2 39. Nh5 Kxf3 40. Nxf6
Bc6 41. Ng8 f4 42. Ne7 Bb7 1/2-1/2

[Event "SR Extraliga 2016/2017"]
[Site "?"]
[Date "2016.10.22"]
[Round "1.6"]
[White "Sahidi, Samir"]
[Black "Skara, Vladimir"]
[Result "1/2-1/2"]
[WhiteElo "2215"]
[BlackElo "2247"]
[PlyCount "74"]
[EventDate "2016.??.??"]

1. Nf3 Nf6 2. c4 c5 3. g3 b6 4. Bg2 Bb7 5. Nc3 e6 6. O-O Be7 7. d4 cxd4 8. Nxd4
Bxg2 9. Kxg2 O-O 10. Bg5 a6 11. Qd3 Qc7 12. Rac1 d6 13. Bxf6 Bxf6 14. Ne4 Be7
15. Rfd1 Rd8 16. Kg1 Nd7 17. Nf3 Nf6 18. Nxf6+ Bxf6 19. b3 Rac8 20. Rc2 g6 21.
Rcd2 Qc5 22. a4 Qb4 23. Qe3 b5 24. axb5 axb5 25. cxb5 d5 26. Nd4 Rc3 27. Rd3
Bxd4 28. Rxd4 Qxb3 29. Qg5 Re8 30. h4 Qxb5 31. e4 Rc5 32. exd5 Rxd5 33. Rxd5
exd5 34. h5 Qe2 35. Qxd5 Qxh5 36. Qxh5 gxh5 37. Rd5 Kg7 1/2-1/2

[Event "SR Extraliga 2016/2017"]
[Site "?"]
[Date "2016.10.22"]
[Round "1.7"]
[White "Banas, Kamil"]
[Black "Jozefek, Michal"]
[Result "1/2-1/2"]
[WhiteElo "2240"]
[BlackElo "2178"]
[PlyCount "189"]
[EventDate "2016.??.??"]

1. e4 c5 2. c3 d5 3. exd5 Qxd5 4. d4 Nf6 5. Nf3 Bg4 6. dxc5 Qxc5 7. Be3 Qa5 8.
Na3 e6 9. Nb5 Nc6 10. Nd6+ Bxd6 11. Qxd6 Nd5 12. Bd2 Bxf3 13. gxf3 Nf6 14. Rg1
Ne5 15. Be2 Rd8 16. Qb4 Qxb4 17. cxb4 Ng6 18. Be3 b6 19. a4 Nd5 20. a5 Nxb4 21.
Rc1 Nd5 22. Bd2 O-O 23. Bc4 Ne5 24. Be2 Rc8 25. Kd1 Rxc1+ 26. Kxc1 Rc8+ 27. Kd1
Nc4 28. Bxc4 Rxc4 29. axb6 axb6 30. b3 Rc7 31. Rg4 Kf8 32. Ra4 Ke7 33. Ra8 h5
34. Ra6 Kd7 35. Ra8 Kd6 36. Ke2 Ke5 37. Kd3 g6 38. Ra4 Kd6 39. Ra8 Ke5 40. Ra4
Kd6 41. Ra8 e5 42. Ra4 f5 43. Ra8 Kc5 44. Re8 Re7 45. Rg8 Re6 46. Rc8+ Kb5 47.
Rc4 Rd6 48. Ke2 Rc6 49. Kd3 Nf6 50. Ra4 e4+ 51. fxe4 Nxe4 52. Rb4+ Kc5 53. Rc4+
Kd5 54. Be1 Nc5+ 55. Kc3 Re6 56. Rd4+ Kc6 57. Rd1 b5 58. Rc1 Rd6 59. Kb4 Kb6
60. Ka3 Rd3 61. Rc3 Rxc3 62. Bxc3 Na6 63. h4 Kc6 64. Kb2 Kd5 65. f3 Nc5 66. Kc2
Ne6 67. Kd3 g5 68. hxg5 Nxg5 69. Ke3 Ne6 70. Bf6 Nc5 71. b4 Ke6 72. Bh4 Nd7 73.
Kd4 Ne5 74. Ke3 Ng6 75. Bd8 Kd5 76. Bc7 h4 77. Bb8 f4+ 78. Kf2 Kd4 79. Kg2 Ke3
80. Ba7+ Ke2 81. Bb6 Ne5 82. Bc7 Nd3 83. Bd6 Ne1+ 84. Kh3 Nxf3 85. Bxf4 Kd3 86.
Kg4 Nd4 87. Kxh4 Kc4 88. Kg4 Kxb4 89. Bd6+ Kc4 90. Kf4 Ne6+ 91. Ke3 Nc5 92. Be7
b4 93. Bxc5 Kxc5 94. Kd3 Kb5 95. Kc2 1/2-1/2

[Event "SR Extraliga 2016/2017"]
[Site "?"]
[Date "2016.10.22"]
[Round "1.8"]
[White "Bury, Rastislav"]
[Black "Matejovic, Juraj"]
[Result "1/2-1/2"]
[WhiteElo "2159"]
[BlackElo "2218"]
[PlyCount "51"]
[EventDate "2016.??.??"]

1. d4 Nf6 2. Nf3 g6 3. g3 Bg7 4. Bg2 O-O 5. O-O d6 6. c4 c5 7. Nc3 Nc6 8. dxc5
dxc5 9. Be3 Be6 10. Bxc5 Qa5 11. Be3 Rfd8 12. Qb3 Qa6 13. Nb5 Rac8 14. Rad1
Rxd1 15. Rxd1 Na5 16. Qa3 Nxc4 17. Qxa6 bxa6 18. Nc3 Nxe3 19. fxe3 Ng4 20. Bh3
Bh6 21. e4 Be3+ 22. Kg2 Bc5 23. Bxg4 Bxg4 24. Nd5 Rb8 25. Rc1 Bd6 26. e5
1/2-1/2

[Event "SR Extraliga 2016/2017"]
[Site "?"]
[Date "2016.10.22"]
[Round "1.1"]
[White "Balog, Imre"]
[Black "Cernousek, Lukas"]
[Result "1/2-1/2"]
[WhiteElo "2548"]
[BlackElo "2494"]
[PlyCount "103"]
[EventDate "2016.??.??"]

1. c4 c5 2. Nf3 g6 3. e3 Nf6 4. Nc3 Bg7 5. d4 cxd4 6. exd4 d5 7. Qb3 O-O 8.
cxd5 Nbd7 9. a4 Nb6 10. a5 Nbxd5 11. Bc4 e6 12. O-O Rb8 13. Bg5 Nxc3 14. bxc3
Qc7 15. Bh4 Nh5 16. Rfe1 Bd7 17. Bf1 b5 18. axb6 Rxb6 19. Qa3 Bb5 20. Qe7 Qxc3
21. Rec1 Qb3 22. Rcb1 Qd5 23. Rxa7 Bxf1 24. Rxf1 Nf4 25. Qc7 Ne2+ 26. Kh1 Rc6
27. Qd7 Rd6 28. Qa4 Rc6 29. Ra5 Qc4 30. Qxc4 Rxc4 31. d5 exd5 32. Rxd5 Nf4 33.
Rd7 Rfc8 34. h3 Ne6 35. Bg3 h5 36. Kh2 Rc1 37. Rxc1 Rxc1 38. h4 Rc5 39. Rb7 Bf6
40. Nd2 Be5 41. Ne4 Bxg3+ 42. Kxg3 Rc4 43. f3 Rd4 44. Ra7 Kg7 45. Kf2 Rd3 46.
g3 Rd5 47. Ke3 Nf8 48. Ng5 Rd7 49. Ra6 Re7+ 50. Kd4 Rd7+ 51. Ke4 Nh7 52. Nxh7
1/2-1/2

[Event "SR Extraliga 2016/2017"]
[Site "?"]
[Date "2016.10.22"]
[Round "1.2"]
[White "Plat, Vojtech"]
[Black "Kriebel, Tadeas"]
[Result "0-1"]
[WhiteElo "2532"]
[BlackElo "2445"]
[PlyCount "84"]
[EventDate "2016.??.??"]

1. d4 Nf6 2. c4 e6 3. g3 d5 4. Bg2 dxc4 5. Qa4+ Nc6 6. Nf3 Bb4+ 7. Bd2 Nd5 8.
Qb5 O-O 9. Qxc4 Nb6 10. Qd3 e5 11. Nxe5 Bxd2+ 12. Nxd2 Nb4 13. Qb1 Qxd4 14.
Ndf3 Qc5 15. O-O Qe7 16. a3 N4d5 17. e4 Nf6 18. Re1 Be6 19. Qc2 Rad8 20. Nd3
Bc4 21. Nf4 Rfe8 22. b3 Bb5 23. h4 h6 24. e5 Nfd5 25. Nxd5 Rxd5 26. e6 fxe6 27.
Rac1 Qf6 28. Nh2 Rd4 29. Qxc7 Rf8 30. Qc2 Nd5 31. Bh3 Bd3 32. Bxe6+ Kh8 33. Qb2
Be4 34. f3 Bxf3 35. Rf1 Qe5 36. Nxf3 Qe3+ 37. Kg2 Rxf3 38. Rc8+ Kh7 39. Qc2+
Rd3 40. Rh8+ Kg6 41. Bd7 Rxf1 42. Kxf1 Qf3+ 0-1

[Event "SR Extraliga 2016/2017"]
[Site "?"]
[Date "2016.10.22"]
[Round "1.4"]
[White "Zpevak, Pavel"]
[Black "Straka, Jozef"]
[Result "1/2-1/2"]
[WhiteElo "2343"]
[BlackElo "2280"]
[PlyCount "53"]
[EventDate "2016.??.??"]

1. c4 Nf6 2. Nf3 e6 3. g3 d5 4. Bg2 Be7 5. d4 O-O 6. O-O dxc4 7. Qa4 Bd7 8.
Qxc4 Bc6 9. Nc3 Nbd7 10. Bg5 Nd5 11. Bxe7 Qxe7 12. Nxd5 exd5 13. Qc2 Rfe8 14.
Rfe1 f6 15. Rac1 Nf8 16. e3 a5 17. a3 a4 18. Nd2 Nd7 19. Nb1 Nb6 20. Nc3 Qd6
21. Bf1 Bd7 22. Bd3 g6 23. Ne2 c6 24. Nf4 Re7 25. Qd1 Be6 26. Nxe6 Rxe6 27. Qc2
1/2-1/2

[Event "SR Extraliga 2016/2017"]
[Site "?"]
[Date "2016.10.22"]
[Round "1.5"]
[White "Maslikova, Veronika"]
[Black "Motuz, Karol"]
[Result "0-1"]
[WhiteElo "2244"]
[BlackElo "2317"]
[PlyCount "94"]
[EventDate "2016.??.??"]

1. e4 e6 2. d3 d5 3. Nd2 Nf6 4. Ngf3 Be7 5. g3 dxe4 6. dxe4 b6 7. Bb5+ c6 8.
Bd3 Na6 9. e5 Nd7 10. O-O Nac5 11. Ne4 O-O 12. c3 Nxd3 13. Qxd3 Nc5 14. Nxc5
Bxc5 15. Qc2 Be7 16. Rd1 Qc7 17. Bg5 c5 18. Bxe7 Qxe7 19. Rd6 Bb7 20. Qe2 Rad8
21. Rad1 Ba8 22. Rxd8 Rxd8 23. Rxd8+ Qxd8 24. Qd2 Qc7 25. Qd6 Qxd6 26. exd6 Kf8
27. Ng5 Ke8 28. d7+ Kxd7 29. Nxf7 Ke7 30. Ne5 Kf6 31. Nd7+ Kf5 32. f4 Bd5 33.
a3 Ke4 34. Ne5 Ke3 35. c4 Be4 36. h4 h5 37. Kf1 Kd2 38. Kf2 Kc2 39. Ke3 Ba8 40.
g4 hxg4 41. Nxg4 Kxb2 42. Nf6 Bc6 43. Nh5 g6 44. Ng7 Bd7 45. Ke4 b5 46. cxb5 c4
47. a4 c3 0-1

[Event "SR Extraliga 2016/2017"]
[Site "?"]
[Date "2016.10.22"]
[Round "1.6"]
[White "Vojtek, Vladimir"]
[Black "Chovan, Milan"]
[Result "1-0"]
[WhiteElo "2237"]
[BlackElo "2207"]
[PlyCount "51"]
[EventDate "2016.??.??"]

1. e4 c5 2. Nc3 d6 3. f4 g6 4. Nf3 Bg7 5. Bb5+ Bd7 6. a4 Nc6 7. O-O Nf6 8. d3
O-O 9. Kh1 Nd4 10. Bxd7 Qxd7 11. Nxd4 cxd4 12. Ne2 e5 13. c4 dxc3 14. bxc3 Rfe8
15. fxe5 Rxe5 16. c4 Rh5 17. Ra2 Ng4 18. h3 Be5 19. Nf4 Bxf4 20. Rxf4 Ne5 21.
Raf2 Re8 22. d4 Nxc4 23. Qf1 d5 24. Rxf7 Re7 25. Rf8+ Kg7 26. Rg8+ 1-0

[Event "SR Extraliga 2016/2017"]
[Site "?"]
[Date "2016.10.22"]
[Round "1.7"]
[White "Peitl, Tomas"]
[Black "Veres, Andrej"]
[Result "1-0"]
[WhiteElo "2209"]
[BlackElo "2199"]
[PlyCount "62"]
[EventDate "2016.??.??"]

1. e4 e5 2. Nf3 Nc6 3. Bb5 a6 4. Ba4 Nf6 5. O-O Be7 6. Re1 b5 7. Bb3 O-O 8. h3
d6 9. c3 Na5 10. Bc2 c5 11. d4 Qc7 12. Nbd2 Bb7 13. Nf1 cxd4 14. cxd4 d5 15.
dxe5 Nxe4 16. Be3 Rac8 17. Rc1 Qb8 18. Qd3 g6 19. Bb1 Nc4 20. Bd4 Nc5 21. Bxc5
Bxc5 22. e6 Qa7 23. Kh1 Ba8 24. Ng5 f5 25. Re2 Be7 26. Qg3 Qd4 27. Nf7 f4 28.
Qg4 Ne5 29. Nxe5 Rxc1 30. Bxg6 Rxf1+ 31. Kh2 Rf7 1-0

[Event "SR Extraliga 2016/2017"]
[Site "?"]
[Date "2016.10.22"]
[Round "1.8"]
[White "Bombek, Peter"]
[Black "Kolesar, Milan"]
[Result "1-0"]
[WhiteElo "2196"]
[BlackElo "2198"]
[PlyCount "99"]
[EventDate "2016.??.??"]

1. e4 c5 2. c3 d5 3. exd5 Qxd5 4. d4 e6 5. Nf3 Nf6 6. Be3 Ng4 7. Bd3 Nxe3 8.
fxe3 Be7 9. O-O O-O 10. Nbd2 Nc6 11. Qc2 g6 12. Be4 Qd6 13. Rad1 Qc7 14. Nc4 b6
15. Nce5 Bb7 16. Nxc6 Bxc6 17. Ne5 Bxe4 18. Qxe4 Bd6 19. Rxf7 Rxf7 20. Qxa8+
Rf8 21. Qe4 Bxe5 22. Qxe5 Qxe5 23. dxe5 Rf5 24. Rd8+ Kg7 25. Rd7+ Rf7 26. Rd6
Re7 27. Kf2 Kf7 28. Ke2 Rc7 29. Kd3 c4+ 30. Kd4 Ke7 31. b4 cxb3 32. axb3 Rc5
33. b4 Rb5 34. Ke4 h6 35. g3 a5 36. bxa5 bxa5 37. Ra6 Rc5 38. Ra7+ Kf8 39. Ra6
Kf7 40. Ra7+ Kf8 41. h4 Rc4+ 42. Kd3 Rc5 43. c4 Rxe5 44. g4 Rc5 45. Kd4 Rc6 46.
c5 g5 47. h5 a4 48. Rxa4 Ke7 49. Ra7+ Kd8 50. Kc4 1-0

[Event "SR Extraliga 2016/2017"]
[Site "?"]
[Date "2016.10.23"]
[Round "2.1"]
[White "Bulski, Krzysztof"]
[Black "Vovk, Jurij"]
[Result "0-1"]
[WhiteElo "2522"]
[BlackElo "2596"]
[PlyCount "98"]
[EventDate "2016.??.??"]

1. d4 Nf6 2. c4 g6 3. Nc3 d5 4. cxd5 Nxd5 5. Bd2 Bg7 6. e4 Nxc3 7. Bxc3 O-O 8.
Qd2 Nc6 9. Nf3 Bg4 10. d5 Bxf3 11. Bxg7 Kxg7 12. gxf3 Ne5 13. Be2 e6 14. f4 Nd7
15. O-O-O Nf6 16. Bf3 exd5 17. e5 Ne4 18. Bxe4 dxe4 19. Qe3 Qh4 20. Rd4 Rad8
21. Rxe4 Qg4 22. Rd4 Rxd4 23. Qxd4 c5 24. Qd2 Re8 25. Rd1 Re6 26. Kb1 Qh3 27.
Qe3 Qxh2 28. Qf3 Qh5 29. Qxh5 gxh5 30. Kc2 h4 31. Rh1 Rh6 32. Kd3 h3 33. f5 Rh4
34. Ke3 b5 35. f4 h2 36. Kf3 c4 37. a3 a6 38. Kg3 Rh6 39. Kg4 f6 40. Kf3 Kf7
41. Ke2 Rh3 42. Kd2 a5 43. Kc2 b4 44. axb4 axb4 45. Kd2 h5 46. Kc2 h4 47. Kd2
b3 48. Kd1 c3 49. bxc3 Rg3 0-1